000 00662nam a2200229Ia 4500
003 OSt
005 20220925215808.0
006 a|||||r|||| 00| 0
007 ta
008 220923b |||||||| |||| 00| 0 eng d
037 _cGeneral Book
040 _aRTL
_cRTL
_beng
041 _2eng
_aeng
082 _aV2.L6, B9;E1
100 _aElphinstone Mountstuart
_9101857
245 0 _aHistory of India
_b The Hindu and Mahometan periods
260 _aLondon
_bJohn Murray U K
_c1911
300 _axxxii,766p.
_ccm.
650 _aIndian History
942 _hV2.L6, B9;E1
_cGB
_2CC
999 _c569775
_d569775